000 00762nam a2200265Ia 4500
005 20260121170815.0
008 008 260114s9999 xx 000 0 eng d
020 _a9783030006686
037 _aEBOOK
040 _aCRL
040 _beng
040 _cCRL
041 _2eng
041 _aeng
084 _qCRL
100 _aDenny Vrande?i?, Kalina Bontcheva, Mari Carmen Suárez-Figueroa, Valentina Presutti, Irene Celino, Marta Sabou, Lucie-Aimée Kaffee, Elena Simperl
_91068404
245 4 _aThe Semantic Web – ISWC 2018
260 _bSpringer
260 _bSpringer
260 _c2018
856 _uhttps://link.springer.com/openurl?genre=book&isbn=978-3-030-00668-6
942 _cEBOOK
999 _c1634134
_d1634134